Atomic structure of superconductor YBa2Cu3O7-x in field ion microscope; Journal de Physique; Vol. 49-C6

Bibliografiset tiedot
Parent link:Journal de Physique
Vol. 49-C6.— 1988.— P. 477-481
Muut tekijät: Mesyats G. A. Gennady Andreyevich, Syutkin N. N., Ivchenko V. A., Talantsev E. F.
Yhteenveto:В фонде НТБ ТПУ отсутствует
Kieli:englanti
Julkaistu: 1988
Aiheet:
Aineistotyyppi: MixedMaterials Kirjan osa
KOHA link:https://koha.lib.tpu.ru/cgi-bin/koha/opac-detail.pl?biblionumber=596631

MARC

LEADER 00000naa0a2200000 4500
001 596631
005 20250121132019.0
035 |a (RuTPU)RU\TPU\tpu\19611 
090 |a 596631 
100 |a 20110801d1988 k||y0rusy50 ba 
101 0 |a eng 
102 |a FR 
200 1 |a Atomic structure of superconductor YBa2Cu3O7-x in field ion microscope  |f G. A. Mesyats [et al.] 
333 |a В фонде НТБ ТПУ отсутствует 
461 |t Journal de Physique 
463 |t Vol. 49-C6  |v P. 477-481  |d 1988 
610 1 |a труды учёных ТПУ 
701 1 |a Mesyats  |b G. A.  |c russian physicist  |c academican, vice-president of RAS  |c graduate of Tomsk Polytechnic Institute  |f 1936-  |g Gennady Andreyevich  |3 (RuTPU)RU\TPU\pers\28088  |4 070 
701 1 |a Syutkin  |b N. N. 
701 1 |a Ivchenko  |b V. A. 
701 1 |a Talantsev  |b E. F. 
801 1 |a RU  |b 63413507  |c 20110801 
801 2 |a RU  |b 63413507  |c 20110823  |g RCR 
942 |c CR